000 00501nam a2200181 4500
001 143354
003 ES-MaACL
005 20231228205944.0
007 t|
008 070214s1970 sp r ||||1| spa d
100 1 _aSender, Ramón J.,
_d1901-1982
_9105441
245 1 0 _aZu
_b: el ángel anfibio : novela /
_cRamón J. Sender.
250 _a1ª. ed.
260 _aBarcelona :
_bPlaneta,
_c1970.
300 _a229 p. ;
_c19 cm.
852 _aES-MaACL
_jC-39935
_bR.75658
999 _c143354
_d143354